02492cam a2200385 i 450000100090000000300090000900500170001800800410003502000310007602000280010703500200013504000430015508200210019810000330021924500390025225000200029126400670031126400100037830000450038833600260043333700280045933800270048750400510051450505000056552006990106565000310176465000510179565000470184665100100189365300210190365500170192494200120194199900170195395201360197018369710EG-ScBUE20260124113750.0141112t2015 nyua frb 001 0 eng d a9780815345039 (alk. paper) a0815345038 (alk. paper) a(DNLM)101645990 aDNLM/DLCbengerdacDLCdDLCdEG-ScBUE04a572.865bLAT2221 aLatchman, David S.,eauthor.10aGene control /cDavid S. Latchman. aSecond edition. 1aNew York : bGarland Science / Taylor & Francis Group,c[2015] 4cc2015 axxi, 505 pages :billustrations ;c28 cm 2rdacontentatextbtxt aunmediated2rdamediabn avolumebnc2rdacarrier aIncludes bibliographical references and index.0 aLevels of gene control -- Structure of chromatin -- Epigenome : role of chromatin structure in gene control -- Process of transcription -- Transcription factors and transcription control -- Post-transcriptional processes -- Post-transcriptional regulation -- Gene control and cellular signaling pathways -- Gene control in embryonic development -- Control of cell type specific gene expression -- Gene regulation and cancer -- Gene regulation in human disease -- Conclusion and future prospects. aThe new edition of Gene Control has been updated to include significant advances in the roles of the epigenome and regulatory RNAs in gene regulation. The chapter structure remains the same: the first part consists of pairs of chapters that explain the mechanisms involved and how they regulate gene expression, and the second part deals with specific biological processes (including diseases) and how they are controlled by genes. Coverage of methodology has been strengthened by the inclusion more explanation and diagrams. The significant revision and updating will allow Gene Control to continue to be of value to students, scientists and clinicians interested in the topic of gene control. 7aGenetic regulation.2BUEsh 7aGene Expression Regulationxphysiology.2BUEsh 7aTranscription, Geneticxphysiology.2BUEsh 2BUEsh bPPhrmcApril2019 vReading book 2ddccBB c27400d27371 00102ddc40708BaccahaMAINbMAINc1STd2019-04-20ePurchaseg950.00l0o572.865 LATp000044611r2025-07-15 00:00:00v1187.50yBB